000 00482nam a22001697a 4500
003 OSt
005 20260402054746.0
008 260402b |||||||| |||| 00| 0 eng d
020 _a9789914735055
028 _b+254716222644
040 _cMENTOR PUBLISHING CO LTD
050 _aPL 8701 .L83 2025
_b1050
245 _aMTAALA WA KIUMILISI
_bKIELEKEZI CHA KISWAHILI
_cLUBANGA, C.
250 _a1ST ED
260 _aNAIROBI, KENYA
_bMENTOR PUBLISHING CO. LTD
_c2025
942 _2ddc
_cBK
_n0
999 _c10040
_d10040